00860nam0a22002171 4500001001100000005001700011021001900028035002600047100004100073101000800114102000700122105001800129200022700147210007400374215002300448606008600471702002600557801001800583801002200601852001900623rc\443344820250612082429.0 aRUb[59-44870] a(NLR Aleph) 008577345 a20130416d1959 |||y0rusy50 ca0 arus aRU aa z |||||1 aИз опыта преподавания историиe[Сборник статей]fПод ред. П.В. ГораgАкад. пед. наук РСФСР. Пед. чтения. Ин-т методов обучения aМоскваcИзд-во Акад. пед. наук РСФСРd1959 a111 с.cил.d22 aИсторияxМетодика преподаванияjСборники2psbo 1aГораbП.В.4340 0aRUbNLRgpsbo 1aRUbELAR2rusmarc aNLRj59-5/3181